Southville International School and Colleges
Your cart is empty.
  • Cart
  • Lists
    Public lists Eva Luna New books Lux_list list_1
    Your lists Log in to create your own lists
  • Log in to your account
  • Your cookies
  • Search history
Southville International School and Colleges
  • Advanced search
  • Recent comments
  • Most popular
  • Libraries

Log in to your account

Log in with GOOGLE


If you do not have an external account, but do have a local account, you can still log in:

  1. Home
  2. MARC view: Health care research that delivers :
Normal view MARC view ISBD view

Health care research that delivers : (Record no. 121316)

[ view plain ]
MARC details
000 -LEADER
fixed length control field 00630nam a2200193Ia 4500
005 - DATE AND TIME OF LATEST TRANSACTION
control field 20150122154205.0
008 - FIXED-LENGTH DATA ELEMENTS--GENERAL INFORMATION
fixed length control field 140626s9999 xx 000 0 und d
100 ## - MAIN ENTRY--PERSONAL NAME
Personal name Morrow, Daniel.
245 ## - TITLE STATEMENT
Title Health care research that delivers :
Remainder of title introduction to the special issue on cognitive factors in health care /
Statement of responsibility, etc Daniel Morrow ... [et al.].
260 ## - PUBLICATION, DISTRIBUTION, ETC. (IMPRINT)
Date of publication, distribution, etc c2011.
300 ## - PHYSICAL DESCRIPTION
Extent 17 : 3, page 191
440 ## - SERIES STATEMENT/ADDED ENTRY--TITLE
Title Journal of Experimental Psycholgy : Applied
650 ## - SUBJECT ADDED ENTRY--TOPICAL TERM
Topical term or geographic name as entry element Cognition.
650 ## - SUBJECT ADDED ENTRY--TOPICAL TERM
Topical term or geographic name as entry element Health care.
650 ## - SUBJECT ADDED ENTRY--TOPICAL TERM
Topical term or geographic name as entry element Medical error.
650 ## - SUBJECT ADDED ENTRY--TOPICAL TERM
Topical term or geographic name as entry element Patient safety.
650 ## - SUBJECT ADDED ENTRY--TOPICAL TERM
Topical term or geographic name as entry element Use-inspired basic research.
942 ## - ADDED ENTRY ELEMENTS (KOHA)
Koha item type Periodicals
Source of classification or shelving scheme Library of Congress Classification
Holdings
Withdrawn status Lost status Damaged status Home library Current library Shelving location Date acquired Total Checkouts Barcode Date last seen Price effective from Koha item type
      College Library College Library Periodical Section 06/26/2014   S0424 06/26/2014 06/26/2014 Periodicals

Health care research that delivers :

APA

Morrow D., . (2011). Health care research that delivers. : .

Chicago

Morrow Daniel, . 2011. Health care research that delivers. : .

Harvard

Morrow D., . (2011). Health care research that delivers. : .

MLA

Morrow Daniel, . Health care research that delivers. : . 2011.

  • Place hold
  • Print
  • Cite
  • Add to your cart (remove)
  • Save record
    BIBTEX Dublin Core MARCXML MARC (non-Unicode/MARC-8) MARC (Unicode/UTF-8) MARC (Unicode/UTF-8, Standard) MODS (XML) RIS
  • More searches
    Search for this title in:
    Other Libraries (WorldCat) Other Databases (Google Scholar) Online Stores (Bookfinder.com) Open Library (openlibrary.org)

Exporting to Dublin Core...

SOUTHVILLE LIBRARY

Southville International School and Colleges Library

1281 Tropical Ave. Cor. Luxembourg St., BF Homes International, Las Pinas City

Tel. No. 8256374 / 252358 Loc. 117/146

Powered by Koha